Państwo po kawałku granic #3 - Statystyki

Ogólne statystyki
  • Ten quiz został rozwiązany 14 razy
  • Średni wynik to 16 z 26
Statystyki odpowiedzi
Obrazkowy Odpowiedź % Poprawnych
Polska
100%
Senegal
100%
Maroko
90%
Rosja
80%
Korea Południowa
70%
Mjanma
70%
Mozambik
70%
Angola
60%
Bahamy
60%
Brazylia
60%
Bułgaria
60%
Francja
60%
Holandia
60%
Iran
60%
Mali
60%
Nikaragua
60%
San Marino
60%
Singapur
60%
Algieria
50%
Argentyna
50%
Australia
50%
Filipiny
50%
Gwinea Bissau
50%
Bahrajn
40%
Wietnam
40%
Uzbekistan
30%
Nie znaleziono quizów pasujących do podanych kryteriów
Rozkład punktacji
Procent ludzi z każdym wynikiem
Percentyl według liczby udzielonych odpowiedzi
Twoja historia wyników
Nie rozwiązałeś tego quizu